000
00304nam a22001337a 4500
005
20230602104653.0
008
230602b |||||||| |||| 00| 0 eng d
020
_a
9770972686007
041
_a
eng
245
_a
APPLIED ECONOMICS
260
_a
IUP PUBLICATION
650
_a
MANAGEMENT
_9
7857
942
_c
JRL
999
_c
8317
_d
8315